Statistics for 45 European Countries, 45 Sights

Click here to take the quiz!

General Stats

  • This quiz has been taken 265 times
  • The average score is 25 of 45

Answer Stats

SightCountry% Correct
StonehengeUnited Kingdom
99%
Leaning Tower of PisaItaly
97%
Brandenburg GateGermany
97%
Eiffel TowerFrance
93%
IbizaSpain
91%
the KremlinRussia
90%
EyjafjallajökullIceland
89%
Monte CarloMonaco
88%
DubrovnikCroatia
88%
SantoriniGreece
87%
OdessaUkraine
86%
TransylvaniaRomania
84%
MatterhornSwitzerland
84%
Van Gogh MuseumNetherlands
82%
Schönbrunn PalaceAustria
77%
St. Peter's BasilicaVatican City
75%
Åland IslandsFinland
66%
Charles BridgeCzech Republic
62%
Torre de BelémPortugal
60%
the AtomiumBelgium
59%
Tivoli GardensDenmark
57%
Lake BledSlovenia
52%
Cliffs of MoherIreland
52%
North CapeNorway
52%
Wawel CastlePoland
51%
SaaremaaEstonia
50%
Bay of KotorMontenegro
40%
Monte TitanoSan Marino
40%
Parliament Building (the most famous one)Hungary
39%
Stari MostBosnia and Herzegovina
36%
GozoMalta
36%
Gamla stanSweden
34%
the TatrasSlovakia
34%
Sunny BeachBulgaria
32%
Khatyn MemorialBelarus
30%
Knez Mihailova StreetSerbia
27%
OhridMacedonia
26%
Skanderbeg StatueAlbania
24%
Freedom MonumentLatvia
23%
Vianden CastleLuxembourg
20%
Gediminas' TowerLithuania
20%
VallnordAndorra
18%
Old OrheiMoldova
17%
MalbunLiechtenstein
16%
Germia ParkKosovo
13%

Score Distribution

Percentile by Number Answered

Percent of People with Each Score

Your Score History

You have not taken this quiz